quiz z ciekawostkami geograficznymi - Statystyki

Ogólne statystyki
  • Ten quiz został rozwiązany 31 razy
  • Średni wynik to 6 z 15
Statystyki odpowiedzi
podpowiedź odpowiedź % Poprawnych
państwo w Europie w którym nigdy nie zarejestrowano temperatury wyższej niż 35 stopni celsjusza Islandia, Irlandia
100%
państwo posiadające najdłuższą linię brzegową Kanada
82%
państwo posiadające najwięcej wysp Szwecja
64%
państwo posiadające najlepszy paszport w 2023 roku Singapur
59%
państwo które nigdy nie zmieniło flagi Dania
55%
najbezpieczniejsze państwo w Europie Szwajcaria
45%
Europejskie państwo posiadające księżyc na fladze Chorwacja, Mołdawia
41%
państwo afrykańskie które nigdy nie było skolonizowane Etiopia, Liberia
41%
najbardziej pomarańczowa flaga na świecie Bhutan
36%
państwo które zmieniało flagę najwięcej razy Stany Zjednoczone
36%
najbardziej zbombardowany kraj w historii Laos
27%
najbardziej różowa flaga na świecie Hiszpania
23%
państwo unii europejskiej w którym nie można korzystać ze sztucznej inteligencji Włochy
23%
najbardziej brązowa flaga na świecie Andora
5%
państwo posiadające największą liczbę kolorów na świecie Belize
5%
Nie znaleziono quizów pasujących do podanych kryteriów
Rozkład punktacji
Procent ludzi z każdym wynikiem
Percentyl według liczby udzielonych odpowiedzi
Twoja historia wyników
Nie rozwiązałeś tego quizu